Allen and another v Rochdale BC (Record no. 62638)
[ view plain ]
| 000 -LEADER | |
|---|---|
| fixed length control field | 01368cam a2200205 4500 |
| 001 - CONTROL NUMBER | |
| control field | X104407 |
| 008 - FIXED-LENGTH DATA ELEMENTS--GENERAL INFORMATION | |
| fixed length control field | 000000n2000 000 0 eng u |
| 035 ## - SYSTEM CONTROL NUMBER | |
| System control number | (Sirsi) u104407 |
| 245 ## - TITLE STATEMENT | |
| Title | Allen and another v Rochdale BC |
| 260 ## - PUBLICATION, DISTRIBUTION, ETC. | |
| Date of publication, distribution, etc. | 2000 |
| 490 ## - SERIES STATEMENT | |
| Series statement | Weekly Law Reports |
| Volume/sequential designation | [2000] 2 WLR 182-193(6) |
| 520 ## - SUMMARY, ETC. | |
| Summary, etc. | CA 23 March 1999. Concerned a site used as playing fields by a school. As the local education authority the defendant council (R) was entitled to the residue of a term of 99 years as a result of a lease dated 12 February 1927. The plaintiff (A) was unaware of the existence of the lease and R had forgotten about it. After the school's closure part of the playing fields were sold. R's solicitor subsequently informed A of the existence of the lease which he thought was overridden by the sale. However, R later claimed to be entitled to a proportion of the proceeds of the sale and to a lease of the unsold land for a term equivalent to the residue of the 1927 lease. A claimed they were entitled to the entire proceeds of the sale and that the unsold land was held by the council on trust for them free from the lease. Appeal allowed. |
| 650 ## - SUBJECT ADDED ENTRY--TOPICAL TERM | |
| Topical term or geographic name entry element | TRANSFER |
| 650 ## - SUBJECT ADDED ENTRY--TOPICAL TERM | |
| Topical term or geographic name entry element | ESTATE |
| 650 ## - SUBJECT ADDED ENTRY--TOPICAL TERM | |
| Topical term or geographic name entry element | TRUST |
| 650 ## - SUBJECT ADDED ENTRY--TOPICAL TERM | |
| Topical term or geographic name entry element | CHARITABLE TRUSTEES |
| 650 ## - SUBJECT ADDED ENTRY--TOPICAL TERM | |
| Topical term or geographic name entry element | ALLEN AND ANOTHER V ROCHDALE BC |
| 690 ## - LOCAL SUBJECT ADDED ENTRY--TOPICAL TERM (OCLC, RLIN) | |
| Topical term or geographic name as entry element | PROPERTY AND LAND LAW-CASE LAW |
| 942 ## - ADDED ENTRY ELEMENTS (KOHA) | |
| Suppress in OPAC | 0 |
| Withdrawn status | Lost status | Source of classification or shelving scheme | Damaged status | Not for loan | Home library | Current library | Shelving location | Date acquired | Total Checkouts | Full call number | Barcode | Date last seen | Copy number | Price effective from | Koha item type |
|---|---|---|---|---|---|---|---|---|---|---|---|---|---|---|---|
| Dewey Decimal Classification | London | London | Journal article | 25/02/2000 | X104407 | 104407-1001 | 06/08/2019 | 1 | 06/08/2019 | Law report |